| 000 | 00808pam a2200253 a 4500 | ||
|---|---|---|---|
| 001 | 2050213 | ||
| 005 | 20241105130711.0 | ||
| 008 | 930423s1993 nyu b 001 0 eng c | ||
| 020 | _a0826177700 | ||
| 050 | 0 | 0 |
_aRT82.8 _b.N884 1993 |
| 082 | 0 | 0 |
_a610.73/06/92 _220 |
| 245 | 0 | 0 |
_aNurses, nurse practitioners : _bevolution to advanced practice / _cMathy D. Mezey, Diane O. McGivern, editors. |
| 250 | _aNew ed. | ||
| 260 |
_aNew York : _bSpringer Pub. Co., _cc1993. |
||
| 300 |
_axviii, 380 p. ; _c24 cm. |
||
| 440 | 0 | _aSpringer series on advanced practice nursing | |
| 650 | 0 | _aNurse practitioners. | |
| 650 | 0 | _aPrimary care (Medicine) | |
| 650 | 2 | _aNurse Practitioners. | |
| 650 | 2 | _aPrimary Health Care. | |
| 700 | 1 | _aMezey, Mathy Doval. | |
| 700 | 1 | _aMcGivern, Diane O'Neill. | |
| 942 |
_2lcc _cBK _n0 |
||
| 999 |
_c634 _d634 |
||